Sorrow and joy among Muslim women : (Record no. 3950)

000 -LEADER
fixed length control field 02397cam a22004814a 4500
001 - CONTROL NUMBER
control field 14329136
003 - CONTROL NUMBER IDENTIFIER
control field Nust
005 - DATE AND TIME OF LATEST TRANSACTION
control field 20170105101616.0
008 - FIXED-LENGTH DATA ELEMENTS--GENERAL INFORMATION
fixed length control field 060405s2006 enkabf b 001 0 eng
010 ## - LIBRARY OF CONGRESS CONTROL NUMBER
LC control number 2006011421
015 ## - NATIONAL BIBLIOGRAPHY NUMBER
National bibliography number GBA666603
Source bnb
016 7# - NATIONAL BIBLIOGRAPHIC AGENCY CONTROL NUMBER
Record control number 013522459
Source Uk
020 ## - INTERNATIONAL STANDARD BOOK NUMBER
International Standard Book Number 0521861691 (hardback)
020 ## - INTERNATIONAL STANDARD BOOK NUMBER
International Standard Book Number 9780521861694 (hardback)
020 ## - INTERNATIONAL STANDARD BOOK NUMBER
International Standard Book Number 9780521861694
035 ## - SYSTEM CONTROL NUMBER
System control number (OCoLC)ocm67239902
035 ## - SYSTEM CONTROL NUMBER
System control number (OCoLC)67239902
040 ## - CATALOGING SOURCE
Original cataloging agency DLC
Transcribing agency DLC
Modifying agency BAKER
-- BWKUK
-- YDXCP
-- OCLCQ
-- YDX
-- BTCTA
-- COO
-- UKM
-- DLC
042 ## - AUTHENTICATION CODE
Authentication code pcc
043 ## - GEOGRAPHIC AREA CODE
Geographic area code a------
050 00 - LIBRARY OF CONGRESS CALL NUMBER
Classification number DS432.P4
Item number A46 2006
082 00 - DEWEY DECIMAL CLASSIFICATION NUMBER
Classification number 305.48891593
Edition number 22
Author Mark AHM
100 1# - MAIN ENTRY--PERSONAL NAME
Personal name Ahmed, Amineh,
Dates associated with a name 1972-
245 10 - TITLE STATEMENT
Title Sorrow and joy among Muslim women :
Remainder of title the Pukhtuns of northern Pakistan /
Statement of responsibility, etc. Amineh Ahmed.
260 ## - PUBLICATION, DISTRIBUTION, ETC.
Place of publication, distribution, etc. Cambridge, UK ;
-- New York :
Name of publisher, distributor, etc. Cambridge University Press,
Date of publication, distribution, etc. 2006.
300 ## - PHYSICAL DESCRIPTION
Extent xix, 199 p., [12] p. of plates :
Other physical details col. ill., maps ;
Dimensions 24 cm.
490 1# - SERIES STATEMENT
Series statement University of Cambridge oriental publications ;
Volume/sequential designation 63
504 ## - BIBLIOGRAPHY, ETC. NOTE
Bibliography, etc. note Includes bibliographical references (p. 173-191) and index.
505 0# - FORMATTED CONTENTS NOTE
Formatted contents note Introduction -- Gham-khādi : framework and fieldwork -- From the inside-out : Bibiane's 'dual lives' in and beyond the house -- The work of mourning : death and dismay among Bibiane-- Celebrating khādi : communal Pukhtun weddings and clandestine internet marriages -- The work of gham-khādi : 'not to do gham-khādi is shameful (sharam); to do it a burden' -- Conclusion.
650 #0 - SUBJECT ADDED ENTRY--TOPICAL TERM
Topical term or geographic name entry element Women, Pushtun
General subdivision Rites and ceremonies.
650 #0 - SUBJECT ADDED ENTRY--TOPICAL TERM
Topical term or geographic name entry element Women, Pushtun
General subdivision Psychology.
650 #0 - SUBJECT ADDED ENTRY--TOPICAL TERM
Topical term or geographic name entry element Women, Pushtun
General subdivision Social conditions.
650 #0 - SUBJECT ADDED ENTRY--TOPICAL TERM
Topical term or geographic name entry element Pushtuns
General subdivision Marriage customs and rites.
650 #0 - SUBJECT ADDED ENTRY--TOPICAL TERM
Topical term or geographic name entry element Pushtuns
General subdivision Funeral customs and rites.
650 #0 - SUBJECT ADDED ENTRY--TOPICAL TERM
Topical term or geographic name entry element Pushtuns
General subdivision Social life and customs.
830 #0 - SERIES ADDED ENTRY--UNIFORM TITLE
Uniform title University of Cambridge oriental publications ;
Volume/sequential designation no. 63.
856 42 - ELECTRONIC LOCATION AND ACCESS
Materials specified Publisher description
Uniform Resource Identifier <a href="http://www.loc.gov/catdir/enhancements/fy0642/2006011421-d.html">http://www.loc.gov/catdir/enhancements/fy0642/2006011421-d.html</a>
856 41 - ELECTRONIC LOCATION AND ACCESS
Materials specified Table of contents only
Uniform Resource Identifier <a href="http://www.loc.gov/catdir/enhancements/fy0642/2006011421-t.html">http://www.loc.gov/catdir/enhancements/fy0642/2006011421-t.html</a>
856 42 - ELECTRONIC LOCATION AND ACCESS
Materials specified Contributor biographical information
Uniform Resource Identifier <a href="http://www.loc.gov/catdir/enhancements/fy0733/2006011421-b.html">http://www.loc.gov/catdir/enhancements/fy0733/2006011421-b.html</a>
906 ## - LOCAL DATA ELEMENT F, LDF (RLIN)
a 7
b cbc
c orignew
d 1
e ecip
f 20
g y-gencatlg
942 ## - ADDED ENTRY ELEMENTS (KOHA)
Source of classification or shelving scheme
Koha item type Book
Holdings
Withdrawn status Lost status Source of classification or shelving scheme Damaged status Not for loan Collection code Permanent Location Current Location Shelving location Date acquired Source of acquisition Total Checkouts Full call number Barcode Date last seen Copy number Price effective from Koha item type
            Central Library (CL) Central Library (CL) Book Cart 11/29/2016 Purchased   305.48891593 AHM CL2864 11/29/2016 1 11/29/2016 Book
© 2023 Central Library, National University of Sciences and Technology. All Rights Reserved.